000 00338nam a2200133Ia 4500
008 150201s2014 xx 000 0 und d
082 _a617.525
_bC2009K
100 _aKABAN ,L.B.
245 _aCOMPLICATIONS IN ORAL & MAXILLOFACIAL SURGERY
250 _a1ST
260 _bELSEVIER PUBLICATION
650 _aORAL SURGERY
942 _2ddc
_cBK
999 _c4868
_d4868